| 000 -LEADER |
| fixed length control field |
02121pam a22003134a 4500 |
| 001 - CONTROL NUMBER |
| control field |
4369182 |
| 003 - CONTROL NUMBER IDENTIFIER |
| control field |
USPCAS-E |
| 005 - DATE AND TIME OF LATEST TRANSACTION |
| control field |
20180118181414.0 |
| 008 - FIXED-LENGTH DATA ELEMENTS--GENERAL INFORMATION |
| fixed length control field |
040108s2004 maua b 001 0 eng |
| 010 ## - LIBRARY OF CONGRESS CONTROL NUMBER |
| LC control number |
2004041375 |
| 020 ## - INTERNATIONAL STANDARD BOOK NUMBER |
| International Standard Book Number |
1402076967 |
| 035 ## - SYSTEM CONTROL NUMBER |
| System control number |
(OCoLC)ocm54034732 |
| 035 ## - SYSTEM CONTROL NUMBER |
| System control number |
(NNC)4369182 |
| 040 ## - CATALOGING SOURCE |
| Original cataloging agency |
DLC |
| Transcribing agency |
DLC |
| Modifying agency |
YDX |
| -- |
OrLoB-B |
| 042 ## - AUTHENTICATION CODE |
| Authentication code |
pcc |
| 050 00 - LIBRARY OF CONGRESS CALL NUMBER |
| Classification number |
TA418.7 |
| Item number |
.C42 2004 |
| 082 00 - DEWEY DECIMAL CLASSIFICATION NUMBER |
| Classification number |
620.44 |
| Edition number |
22 |
| Author Mark |
CHA-A 2004 |
| 100 1# - MAIN ENTRY--PERSONAL NAME |
| Personal name |
Chattopadhyay, Ramnarayan. |
| 245 10 - TITLE STATEMENT |
| Title |
Advanced thermally assisted surface engineering processes / |
| Statement of responsibility, etc. |
by Ramnarayan Chattopadhyay. |
| 260 ## - PUBLICATION, DISTRIBUTION, ETC. |
| Place of publication, distribution, etc. |
Boston : |
| Name of publisher, distributor, etc. |
Kluwer Academic, |
| Date of publication, distribution, etc. |
c2004. |
| 300 ## - PHYSICAL DESCRIPTION |
| Extent |
xii, 374 p. : |
| Other physical details |
ill. ; |
| Dimensions |
25 cm. |
| 502 ## - DISSERTATION NOTE |
| Dissertation note |
0 |
| 504 ## - BIBLIOGRAPHY, ETC. NOTE |
| Bibliography, etc. note |
Includes bibliographical references and index. |
| 505 00 - FORMATTED CONTENTS NOTE |
| Miscellaneous information |
Ch. 1. |
| Title |
Wear, Surface, Heat and Surface Engineering -- |
| Miscellaneous information |
Ch. 2. |
| Title |
Plasma Assisted Thermal Processes -- |
| Miscellaneous information |
Ch. 3. |
| Title |
Ion Beam Processes -- |
| Miscellaneous information |
Ch. 4. |
| Title |
Electron Beam Processes -- |
| Miscellaneous information |
Ch. 5. |
| Title |
Microwave Assisted Surface Modification Processes -- |
| Miscellaneous information |
Ch. 6. |
| Title |
Laser Assisted Surface Engineering Processes -- |
| Miscellaneous information |
Ch. 7. |
| Title |
Solar Energy for Surface Modifications -- |
| Miscellaneous information |
Ch. 8. |
| Title |
Combustion Processes for Surface Modification -- |
| Miscellaneous information |
Ch. 9. |
| Title |
Friction Weld Surfacing -- |
| Miscellaneous information |
Ch. 10. |
| Title |
Induction Surface Modification Processes -- |
| Miscellaneous information |
Ch. 11. |
| Title |
Surfacing by Spark Deposition Processes -- |
| Miscellaneous information |
Ch. 12. |
| Title |
Arc Assisted Advanced Surface Engineering Processes -- |
| Miscellaneous information |
Ch. 13. |
| Title |
Hot Isostatic Press -- |
| Miscellaneous information |
Ch. 14. |
| Title |
Fluid Bed Processes -- |
| Miscellaneous information |
Ch. 15. |
| Title |
Polymeric Surfaces -- |
| Miscellaneous information |
Ch. 16. |
| Title |
Ceramic Surfaces -- |
| Miscellaneous information |
Ch. 17. |
| Title |
Diffused and CVD Coatings of Single and Multiple Elements -- |
| Miscellaneous information |
Ch. 18. |
| Title |
Miscellaneous Processes -- |
| Miscellaneous information |
Ch. 19. |
| Title |
Quality of the Engineered Surfaces -- |
| Miscellaneous information |
Ch. 20. |
| Title |
Prognostic and Life Cycle Extension. |
| 520 1# - SUMMARY, ETC. |
| Summary, etc. |
"Advanced Thermally Assisted Surface Engineering Processes has been structured to provide assistance and guidance to the engineers, researchers and students in choosing the right process from the galaxy of newer surface engineering techniques using advanced heat sources."--BOOK JACKET. |
| 650 #0 - SUBJECT ADDED ENTRY--TOPICAL TERM |
| Topical term or geographic name entry element |
Surfaces (Technology) |
| 900 ## - EQUIVALENCE OR CROSS-REFERENCE-PERSONAL NAME [LOCAL, CANADA] |
| Numeration |
TOC |
| 942 ## - ADDED ENTRY ELEMENTS (KOHA) |
| Source of classification or shelving scheme |
|
| Koha item type |
Book |